|
|
|
|
| LEADER |
01774njm a2200397 a 4500 |
| 001 |
000569894 |
| 003 |
CZ BrMZK |
| 005 |
20040628114159.0 |
| 008 |
010907s2001 xr f cze d |
| 028 |
0 |
3 |
|a SU 3576-2 231
|b Supraphon
|
| 040 |
|
|
|a BOA001
|b cze
|
| 080 |
|
|
|a 784.5
|2 MRF
|
| 080 |
|
|
|a (086.7)
|2 MRF
|
| 100 |
1 |
|
|a Orff, Carl,
|d 1895-1982
|7 jn20000701347
|
| 245 |
1 |
0 |
|a Carmina Burana
|h [zvukový záznam] /
|c Carl Orff. : cantiones profanaae cantoribus et choris cantandae comitantibus instrumentis atque imainibus magacis
|
| 260 |
|
|
|a Praha :
|b Supraphon,
|c p1996, c2001
|
| 300 |
|
|
|a 1 CD :
|b stereo, DDD ;
|c 12 cm +
|e 1 brožura (14 s.).
|
| 306 |
|
|
|a 010037
|
| 500 |
|
|
|a Texty skladeb v brož.
|
| 500 |
|
|
|a Nahr. 1995
|
| 500 |
|
|
|a Durata 60:37
|
| 511 |
0 |
|
|a Zdena Kloubová, soprán; Vladimír Doležal, tenor; Ivan Kusnjer, baryton. Kühnův smíšený sbor, sbm. Pavel Kühn; Bambini di Praga, sbm. Bohumil Kulínský; Symfonický orchestr hl. města Prahy FOK, dir. Gaetano Delogu.
|
| 650 |
0 |
4 |
|a kantáty (sóla, smíšený sbor, symfonický orchestr)
|
| 655 |
|
4 |
|a kantáty
|
| 700 |
1 |
|
|a Delogu, Gaetano,
|d 1934-
|7 jn20000601306
|
| 700 |
1 |
|
|a Doležal, Vladimír,
|d 1951-
|7 jo2003190791
|
| 700 |
1 |
|
|a Kloubová, Zdena,
|d 1960-
|7 jn99240000457
|
| 700 |
1 |
|
|a Kulínský, Bohumil,
|d 1959-2018
|7 jo19990049041
|
| 700 |
1 |
|
|a Kusnjer, Ivan,
|d 1951-
|7 jn99240000573
|
| 700 |
1 |
|
|a Kühn, Pavel,
|d 1938-2003
|7 jn19990009906
|
| 710 |
2 |
|
|a Bambini di Praga (pěvecký sbor)
|7 kn20010710113
|
| 710 |
2 |
|
|a Kühnův smíšený sbor
|7 ko2003164871
|
| 710 |
2 |
|
|a Symfonický orchestr hl. m. Prahy FOK
|7 kn20010710320
|
| 910 |
|
|
|a BOA001
|b CD-0009.773
|
| 990 |
|
|
|a AV
|
| 996 |
6 |
|
|b 261H010582
|c CD-0009.773
|l MZK
|r Sklad / do 24 hodin
|n 0
|p p.v.
|w 000569894
|u 000010
|a 1
|e BOA001
|j MZK50
|s P
|